Katy Perry - Paroles Last Friday Night (T.G.I.F.) - Statistiques

Statistiques générales
  • Ce quiz a été pris 99 fois
  • Le résultat moyen est 308 sur 444
Statistiques - réponses
Hint Réponse % Correct
F,
97%
F
97%
I
97%
Bridge T
97%
Friday
96%
last
96%
Refrain Last
96%
night
94%
a
93%
à
93%
G
93%
Oh,
92%
oh
92%
the
92%
whoa
92%
we
87%
We
87%
in
85%
to
83%
my
82%
on
80%
bed
77%
all
76%
bar
76%
it
76%
for
75%
stranger
75%
Couplet 1 There's
75%
of
73%
room
73%
This
73%
this
73%
Then
72%
but
70%
Post-refrain But
70%
Do
70%
(do
70%
head
70%
too
70%
barbecue
68%
Think
68%
think
68%
forgot
66%
many
66%
an
65%
I'm
65%
kissed,
65%
pool
65%
shots
65%
Yeah,
65%
out
63%
over
63%
Pré-refrain Pictures
63%
took
63%
well
63%
again
62%
again)
62%
danced
61%
up
61%
Barbies
59%
and
58%
Glitter
58%
like
58%
minibar
58%
Damn
56%
ended
56%
online,
56%
screwed
56%
flamingos
55%
It's
55%
So
55%
passed
54%
Pink
54%
stop-op,
54%
got
52%
pretty
52%
smell
52%
sure
52%
trois
52%
we're
52%
gonna
51%
ménage
51%
or
51%
yard
51%
kicked
49%
party
49%
car
48%
is
48%
pounding
48%
had
46%
broke
45%
bruise?
45%
hit
45%
say
45%
boulevard
44%
dark
44%
DJ's
44%
law,
44%
tabletops,
44%
cards
42%
ruled
42%
credit
41%
That
41%
always
39%
dress
39%
hickey
39%
our
38%
blur,
37%
park,
37%
blacked
35%
skinny
35%
was
35%
what
35%
Don't
34%
floor
34%
Couplet 2 Trying
34%
connect
32%
went
32%
arrest
31%
Chandelier
31%
dipping
31%
dots
31%
epic
31%
fail
31%
know
31%
such
31%
boss
30%
maxed
30%
tell
30%
favorite
28%
need
27%
ginger
24%
ale
20%
city
20%
Ripped
20%
streaking
18%
Warrant's
15%
towed
13%
Aucun quiz correspondant
Distribution des résultats
% des personnes avec chaque résultat
Percentile par nombre de réponses
Votre historique - résultats
Vous n’avez pas pris ce quiz